01385nam a2200385 i 450000100060000000300080000600500170001400600190003100700150005000800410006501700270010602000270013302000280016003500220018804000310021005000210024108000150026208200150027710000470029224501440033926400420048330000410052533600310056633700330059733800430063049000270067350000220070050400280072258800830075065000240083365000240085765500270088183000280090885600630093697279FINmELB20241217172647.0m o d | cr cnu||||||||230724s2023 sp ob 001 0 spa d aM-11413-2023bEspaña a9788411701310q(print) a9788411702331q(e-book) a(OCoLC)1394963230 aFINmELBbspaerdacFINmELB 4aK4456bL864 2023 a336.221.2404a343.042231 aLópez Espadafor, Carlos María,eautor.13aEl derecho financiero y tributario como articulación jurídica de la redistribución de la riqueza /cCarlos Mária López Espadafor. 1aMadrid :bEdictorial Dykinson,c2023. a1 recurso en línea (148 páginas) atextobtxt2rdacontent/spa acomputadorabc2rdamedia/spa arecurso en líneabcr2rdacarrier/spa1 aColección Fiscalidad aIncluye índice. aIncluye bibliografía. aDescripción basada en metadatos suministrados por el editor y otras fuentes. 4aDerecho financiero. 4aDerecho tributario. 4aLibros electrónicos. 0aColección Fiscalidad.40uhttps://elibro.net/ereader/politecnicointernacional/232294